| 000 | 01239nji a22002657a 4500 | ||
|---|---|---|---|
| 005 | 20100906101648.0 | ||
| 006 | a|||||r|||||00| 0 | ||
| 007 | sd ammalaaahaa | ||
| 008 | 100830t xxu||||| |||| 00| 0 eng d | ||
| 028 |
_aN 92637 _bHis Master's Voice |
||
| 035 | _aGR-757 | ||
| 040 |
_aSED _cSED |
||
| 100 |
_917455 _aEbrahim |
||
| 245 |
_aDil apna or preet parai / _cby Ebrahim _h[sound recording] : |
||
| 246 | _aदिल अपना और प्रीत पराई / इब्राहीम द्वारा | ||
| 260 |
_aDum Dum, India _bHis Master's Voice |
||
| 300 |
_a1 sound disc [Gramophone Recording]: _banalog, 33 1/3 rpm _c9.5 in. (MP) _fGramophone Record |
||
| 500 | _aBrief Record | ||
| 505 | _aSide-1 क्लेरिऔनेट - तर्ज-चोधवी का चाँद (Kleriaunet - tarj-choudhavi ka chand) (Ebrahim) --Side-2 क्लेरिऔनेट - तर्ज -दिल अपना और प्रीत पराई (Kleriaunet- tarj-dil apna or preet parai) (Ebrahim) | ||
| 650 |
_aClassical music _zIndia _91186 _xExcerpts |
||
| 700 | _917416 | ||
| 700 | _917456 | ||
| 942 |
_2ddc _cGR |
||
| 999 |
_c43867 _d43867 |
||